000 00570cam a2200229 a 4500
001 000008493
003 DO-SdBNP
005 20220613101929.0
007 ta
008 971017s2010 ck 001 p spa
020 _a9789945427257
040 _aDO-SdBNP
_bspa
_cBNPHU
082 _axxx
_bS718v
100 1 _aSoto, Delta
_922809
245 1 0 _aVoces caribe;as de mujer /
_cDelta Soto
260 _aSanto Domingo :
_bNacional,
_c2010
300 _a44 p. ;
_c24 cm.
590 _aInventariado, 2022 / DG
600 _a,
_922817
910 _aDG
942 _2ddc
_cLBS1
999 _c52018
_d52018